| 000 | 00899namaa2200289 a 4500 | ||
|---|---|---|---|
| 001 | vtls001299432 | ||
| 003 | NLI | ||
| 005 | 20210627043105.0 | ||
| 008 | 120418s1974 dcua i000 0 eng | ||
| 039 | 9 |
_y201204181904 _zVLOAD |
|
| 040 | 0 |
_aNLI _cVTLS-2012_FOD _eAACR2 |
|
| 041 | 0 | _aeng | |
| 044 | _adcu | ||
| 082 | 0 | 4 | _a621.313 |
| 100 | 1 |
_aNawrocki, Michael A. _9709772 |
|
| 245 | 1 | 0 |
_aA portable device for measuring wastewater flow sewers / _cby Michael A. Nawrocki |
| 260 |
_aWashington, D.C. : _bU.S. Environmental Protection Agency, _c1974 |
||
| 300 |
_avii, 53 p. _bill. ; _c28 cm. |
||
| 440 | 1 | 0 | _aEnvironmental protection technology series |
| 650 | 0 |
_aDiesel motor _9709773 |
|
| 650 | 0 |
_aElectric generators _9709774 |
|
| 887 | _a | ||
| 901 |
_aAD 53909 _b03.07.1975 |
||
| 902 | _aU.S 621.313 Na 23 | ||
| 949 |
_AVIRTUAITEM _D10000 _X100 _6ADX000053909ENG |
||
| 942 |
_2ddc _cBKS |
||
| 999 |
_c586830 _d586830 |
||